000 00516nam a22002177a 4500
003 Nust
005 20210825104724.0
008 170227b xxu||||| |||| 00| 0 eng d
020 _a978-81-203-4827-1
038 _akhadija
040 _cC
082 _a005.133
_bDEI
100 _aDeitel, Paul
_917997
245 _aHow To Program C \
250 _a7th ed.
260 _aNew Delhi :
_bPHI Learning ,
_c2014.
300 _a947 p. ;
_b24 cm.
500 _aPaperback.
563 _apaper back
942 _cBK
_2ddc
999 _c34045
_d34045